000 00200nam a22000977a 4500
999 _c261701
_d261700
020 _a9780425290118
100 _aMolly Idle
245 _aSanta ; Rex
260 _aNew York
_bViking
_c2017
942 _cBK